[Event "DEM U12 2022"]
[Site "Willingen GER"]
[Date "2022.06.05"]
[Round "1"]
[White "Nönnig, Jakob"]
[Black "Prashanthakumar, Arju"]
[Result "1-0"]
[Termination "normal"]
[Board "23"]
[WhiteElo "1556"]
[BlackElo "1276"]
[WhiteClock "01:14:40"]
[BlackClock "00:07:33"]
[PlyCount "109"]
[WhiteFideId "16289447"]
[BlackFideId "34604065"]
[EventCountry "GER"]
[EventRounds "9"]
[EventType "swiss"]
[EventDate "2022.06.04"]

1. e4 {[%clk 01:30:59]} e5 {[%clk 01:30:35]} {[%emt 00:00:25]} 2. Nf3 {[%clk
01:31:23]} {[%emt 00:00:07]} Nc6 {[%clk 01:30:39]} {[%emt 00:00:26]} 3. Bc4
{[%clk 01:31:47]} {[%emt 00:00:06]} Bc5 {[%clk 01:30:42]} {[%emt 00:00:27]} 4.
c3 {[%clk 01:32:08]} {[%emt 00:00:09]} Nf6 {[%clk 01:30:10]} {[%emt 00:01:03]}
5. d4 {[%clk 01:32:32]} {[%emt 00:00:06]} exd4 {[%clk 01:29:43]} {[%emt
00:00:56]} 6. e5 {[%clk 01:32:55]} {[%emt 00:00:07]} d5 {[%clk 01:27:42]}
{[%emt 00:02:31]} 7. Bb5 {[%clk 01:33:17]} {[%emt 00:00:08]} Ne4 {[%clk
01:24:59]} {[%emt 00:03:13]} 8. cxd4 {[%clk 01:33:35]} {[%emt 00:00:13]} Bb4+
{[%clk 01:23:34]} {[%emt 00:01:54]} 9. Bd2 {[%clk 01:33:43]} {[%emt 00:00:22]}
Bxd2+ {[%clk 01:20:29]} {[%emt 00:03:36]} 10. Nbxd2 {[%clk 01:34:00]} {[%emt
00:00:13]} Nxd2 {[%clk 01:19:29]} {[%emt 00:01:29]} 11. Qxd2 {[%clk 01:33:43]}
{[%emt 00:00:48]} Bd7 {[%clk 01:17:34]} {[%emt 00:02:25]} 12. O-O {[%clk
01:30:00]} {[%emt 00:04:13]} O-O {[%clk 01:10:54]} {[%emt 00:07:09]} 13. Bxc6
{[%clk 01:25:28]} {[%emt 00:05:02]} Bxc6 {[%clk 01:06:55]} {[%emt 00:04:30]}
14. Rfc1 {[%clk 01:24:59]} {[%emt 00:00:59]} Qd7 {[%clk 00:57:41]} {[%emt
00:09:44]} 15. Rc5 {[%clk 01:23:09]} {[%emt 00:02:20]} Rfe8 {[%clk 00:49:12]}
{[%emt 00:08:59]} 16. Rac1 {[%clk 01:21:45]} {[%emt 00:01:53]} Re6 {[%clk
00:44:02]} {[%emt 00:05:41]} 17. b4 {[%clk 01:21:26]} {[%emt 00:00:49]} b6
{[%clk 00:39:01]} {[%emt 00:05:31]} 18. R5c3 {[%clk 01:21:16]} {[%emt
00:00:40]} Rc8 {[%clk 00:38:35]} {[%emt 00:00:56]} 19. Qc2 {[%clk 01:19:52]}
{[%emt 00:01:54]} Bb5 {[%clk 00:30:56]} {[%emt 00:08:07]} 20. Rxc7 {[%clk
01:19:29]} {[%emt 00:00:55]} Qxc7 {[%clk 00:28:06]} {[%emt 00:03:19]} 21. Qxc7
{[%clk 01:19:49]} {[%emt 00:00:09]} Rxc7 {[%clk 00:28:15]} {[%emt 00:00:22]}
22. Rxc7 {[%clk 01:20:12]} a6 {[%clk 00:27:37]} {[%emt 00:01:16]} 23. g3 {[%clk
01:18:14]} {[%emt 00:02:28]} h6 {[%clk 00:22:50]} {[%emt 00:05:16]} 24. Nh4
{[%clk 01:17:25]} {[%emt 00:01:19]} Rc6 {[%clk 00:21:24]} {[%emt 00:01:57]} 25.
Rxc6 {[%clk 01:17:15]} {[%emt 00:00:41]} Bxc6 {[%clk 00:21:27]} {[%emt
00:00:26]} 26. Nf5 {[%clk 01:17:32]} {[%emt 00:00:12]} Kf8 {[%clk 00:19:58]}
{[%emt 00:01:59]} 27. Nd6 {[%clk 01:15:26]} {[%emt 00:02:37]} Bd7 {[%clk
00:17:28]} {[%emt 00:02:58]} 28. Kg2 {[%clk 01:14:28]} {[%emt 00:01:30]} Ke7
{[%clk 00:16:29]} {[%emt 00:01:29]} 29. f4 {[%clk 01:13:38]} {[%emt 00:01:19]}
f6 {[%clk 00:14:32]} {[%emt 00:02:27]} 30. f5 {[%clk 01:10:47]} {[%emt
00:03:21]} fxe5 {[%clk 00:12:22]} {[%emt 00:02:40]} 31. dxe5 {[%clk 01:11:10]}
{[%emt 00:00:08]} a5 {[%clk 00:09:39]} {[%emt 00:03:13]} 32. b5 {[%clk
01:11:03]} {[%emt 00:00:37]} a4 {[%clk 00:07:40]} {[%emt 00:02:29]} 33. Kf3
{[%clk 01:10:49]} {[%emt 00:00:43]} a3 {[%clk 00:07:37]} {[%emt 00:00:33]} 34.
Ke3 {[%clk 01:11:10]} {[%emt 00:00:09]} h5 {[%clk 00:07:40]} {[%emt 00:00:28]}
35. h3 {[%clk 01:09:45]} {[%emt 00:01:55]} Kf8 {[%clk 00:05:38]} {[%emt
00:02:31]} 36. Kd4 {[%clk 01:10:06]} {[%emt 00:00:10]} Ke7 {[%clk 00:05:18]}
{[%emt 00:00:50]} 37. Kxd5 {[%clk 01:10:23]} {[%emt 00:00:13]} Kf8 {[%clk
00:04:51]} {[%emt 00:00:57]} 38. e6 {[%clk 01:10:33]} {[%emt 00:00:20]} Be8
{[%clk 00:04:43]} {[%emt 00:00:38]} 39. Nxe8 {[%clk 01:10:49]} {[%emt
00:00:14]} Kxe8 {[%clk 00:04:32]} {[%emt 00:00:40]} 40. Kc6 {[%clk 01:11:10]}
{[%emt 00:00:10]} Ke7 {[%clk 00:04:24]} {[%emt 00:00:38]} 41. Kxb6 {[%clk
01:11:29]} {[%emt 00:00:12]} g6 {[%clk 00:04:22]} {[%emt 00:00:31]} 42. g4
{[%clk 01:11:32]} {[%emt 00:00:27]} hxg4 {[%clk 00:04:34]} {[%emt 00:00:17]}
43. hxg4 {[%clk 01:11:56]} {[%emt 00:00:06]} gxf5 {[%clk 00:04:54]} {[%emt
00:00:10]} 44. gxf5 {[%clk 01:12:19]} {[%emt 00:00:06]} Kf6 {[%clk 00:05:06]}
{[%emt 00:00:17]} 45. Kc7 {[%clk 01:12:33]} {[%emt 00:00:18]} Ke7 {[%clk
00:05:21]} {[%emt 00:00:13]} 46. b6 {[%clk 01:12:55]} {[%emt 00:00:10]} Kf6
{[%clk 00:05:25]} {[%emt 00:00:26]} 47. b7 {[%clk 01:13:17]} {[%emt 00:00:08]}
Ke7 {[%clk 00:05:43]} {[%emt 00:00:12]} 48. b8=Q {[%clk 01:13:21]} {[%emt
00:00:27]} Kf6 {[%clk 00:06:03]} {[%emt 00:00:09]} 49. Qf8+ {[%clk 01:13:17]}
{[%emt 00:00:31]} Kg5 {[%clk 00:06:14]} {[%emt 00:00:19]} 50. e7 {[%clk
01:13:34]} {[%emt 00:00:16]} Kf4 {[%clk 00:06:32]} {[%emt 00:00:09]} 51. e8=Q
{[%emt 00:00:25]} Kf3 {[%clk 00:06:56]} {[%emt 00:00:06]} 52. Qxa3+ {[%clk
01:13:55]} {[%emt 00:00:13]} Kf4 {[%clk 00:07:04]} {[%emt 00:00:19]} 53. Qae3+
{[%clk 01:14:15]} {[%emt 00:00:15]} Kg4 {[%clk 00:07:13]} {[%emt 00:00:21]} 54.
Qg6+ {[%clk 01:14:27]} {[%emt 00:00:17]} Kh4 {[%clk 00:07:33]} {[%emt
00:00:12]} 55. Qeg3# {[%clk 01:14:40]} {[%emt 00:00:16]} 1-0

[Event "DEM U12 2022"]
[Site "Willingen GER"]
[Date "2022.06.05"]
[Round "1"]
[White "Gavrylyuk, Oleksandr"]
[Black "Limmer, Marco"]
[Result "0-1"]
[Termination "normal"]
[Board "24"]
[WhiteElo "1272"]
[BlackElo "1825"]
[WhiteClock "00:30:40"]
[BlackClock "00:17:22"]
[PlyCount "98"]
[WhiteFideId "34609083"]
[BlackFideId "34603506"]
[EventCountry "GER"]
[EventRounds "9"]
[EventType "swiss"]
[EventDate "2022.06.04"]

1. e4 {[%clk 01:30:57]} {[%emt 00:00:02]} e6 {[%clk 01:30:53]} {[%emt
00:00:08]} 2. d4 {[%clk 01:31:19]} {[%emt 00:00:08]} d5 {[%clk 01:31:21]}
{[%emt 00:00:02]} 3. Nc3 {[%clk 01:31:29]} {[%emt 00:00:21]} Nf6 {[%clk
01:31:36]} {[%emt 00:00:14]} 4. e5 {[%clk 01:30:37]} {[%emt 00:01:22]} Nfd7
{[%clk 01:31:57]} {[%emt 00:00:09]} 5. Nf3 {[%clk 01:30:43]} {[%emt 00:00:23]}
c5 {[%clk 01:32:01]} {[%emt 00:00:27]} 6. Bg5 {[%clk 01:27:42]} {[%emt
00:03:27]} Qb6 {[%clk 01:28:43]} {[%emt 00:03:53]} 7. Be3 {[%clk 01:17:49]}
{[%emt 00:10:19]} Nc6 {[%clk 01:23:22]} {[%emt 00:05:54]} 8. Bb5 {[%clk
01:15:04]} {[%emt 00:03:14]} a6 {[%clk 01:19:28]} {[%emt 00:04:25]} 9. Ba4
{[%clk 01:12:05]} {[%emt 00:03:29]} Qxb2 {[%clk 01:16:44]} {[%emt 00:03:15]}
10. Bxc6 {[%clk 01:08:21]} {[%emt 00:04:13]} bxc6 {[%clk 01:12:55]} {[%emt
00:04:20]} 11. Na4 {[%clk 01:03:59]} {[%emt 00:04:50]} Qa3 {[%clk 01:10:49]}
{[%emt 00:02:36]} 12. c3 {[%clk 01:01:13]} {[%emt 00:03:14]} cxd4 {[%clk
01:08:09]} {[%emt 00:03:13]} 13. Bxd4 {[%clk 00:58:24]} {[%emt 00:03:18]} Rb8
{[%clk 00:59:08]} {[%emt 00:09:33]} 14. O-O {[%clk 00:56:37]} {[%emt 00:02:15]}
Be7 {[%emt 00:08:47]} 15. Qc2 {[%clk 00:49:32]} {[%emt 00:02:03]} Nc5 {[%clk
00:53:22]} {[%emt 00:03:33]} 16. Nxc5 {[%clk 00:45:56]} {[%emt 00:04:04]} Bxc5
{[%clk 00:50:34]} {[%emt 00:03:19]} 17. Rab1 {[%clk 00:42:25]} {[%emt
00:04:00]} Rxb1 {[%clk 00:41:08]} {[%emt 00:09:56]} 18. Rxb1 {[%clk 00:42:13]}
{[%emt 00:00:41]} Qa5 {[%clk 00:35:57]} {[%emt 00:05:42]} 19. Nd2 {[%clk
00:36:56]} {[%emt 00:05:47]} Bf8 {[%clk 00:32:17]} {[%emt 00:04:12]} 20. c4
{[%clk 00:34:13]} {[%emt 00:03:13]} Qc7 {[%clk 00:26:45]} {[%emt 00:06:01]} 21.
Rb6 {[%clk 00:32:01]} {[%emt 00:02:38]} c5 {[%clk 00:26:25]} {[%emt 00:00:54]}
22. Qa4+ {[%clk 00:30:20]} {[%emt 00:02:11]} Bd7 {[%clk 00:26:39]} {[%emt
00:00:17]} 23. Qa5 {[%clk 00:30:09]} {[%emt 00:00:41]} cxd4 {[%clk 00:25:35]}
{[%emt 00:01:34]} 24. Rxe6+ {[%clk 00:30:22]} {[%emt 00:00:16]} Kd8 {[%clk
00:25:49]} {[%emt 00:00:18]} 25. Qxc7+ {[%clk 00:30:01]} {[%emt 00:00:49]} Kxc7
{[%clk 00:26:10]} {[%emt 00:00:10]} 26. Rxa6 {[%clk 00:30:20]} {[%emt
00:00:11]} Kb7 {[%clk 00:23:24]} {[%emt 00:03:16]} 27. Ra5 {[%clk 00:30:25]}
{[%emt 00:00:24]} Bb4 {[%clk 00:21:42]} {[%emt 00:02:13]} 28. Rxd5 {[%clk
00:30:31]} {[%emt 00:00:24]} Bc6 {[%clk 00:20:46]} {[%emt 00:01:26]} 29. Rxd4
{[%clk 00:30:38]} {[%emt 00:00:22]} Ra8 {[%clk 00:21:00]} {[%emt 00:00:18]} 30.
Nb3 {[%clk 00:30:05]} {[%emt 00:01:02]} Rxa2 {[%clk 00:20:58]} {[%emt
00:00:32]} 31. h3 {[%clk 00:29:36]} {[%emt 00:00:55]} Rb2 {[%clk 00:20:48]}
{[%emt 00:00:45]} 32. Rd3 {[%clk 00:29:07]} {[%emt 00:00:58]} Be1 {[%clk
00:18:07]} {[%emt 00:03:12]} 33. f3 {[%clk 00:28:27]} {[%emt 00:01:09]} Bg3
{[%clk 00:17:51]} {[%emt 00:00:45]} 34. Nd2 {[%clk 00:28:16]} {[%emt 00:00:41]}
Bxe5 {[%clk 00:17:44]} {[%emt 00:00:38]} 35. Rb3+ {[%clk 00:27:48]} {[%emt
00:00:58]} Rxb3 {[%clk 00:18:07]} {[%emt 00:00:06]} 36. Nxb3 {[%clk 00:28:11]}
{[%emt 00:00:07]} Kb6 {[%clk 00:18:12]} {[%emt 00:00:26]} 37. Kf2 {[%clk
00:27:57]} {[%emt 00:00:42]} Ba4 {[%clk 00:18:27]} {[%emt 00:00:16]} 38. Nd2
{[%clk 00:28:11]} {[%emt 00:00:17]} h6 {[%clk 00:18:10]} {[%emt 00:00:46]} 39.
Ke3 {[%clk 00:28:16]} {[%emt 00:00:25]} Kc5 {[%clk 00:17:15]} {[%emt 00:01:24]}
40. Ke4 {[%clk 00:28:09]} {[%emt 00:00:36]} Bc3 {[%clk 00:16:43]} {[%emt
00:01:04]} 41. Kd3 {[%clk 00:28:29]} {[%emt 00:00:10]} Bxd2 {[%clk 00:17:01]}
{[%emt 00:00:11]} 42. Kxd2 {[%clk 00:28:51]} {[%emt 00:00:07]} Kxc4 {[%clk
00:17:28]} {[%emt 00:00:04]} 43. Ke3 {[%clk 00:29:07]} {[%emt 00:00:12]} Bc2
{[%clk 00:17:29]} {[%emt 00:00:31]} 44. g3 {[%clk 00:29:28]} {[%emt 00:00:08]}
Kc3 {[%emt 00:00:57]} 45. Kf4 {[%clk 00:29:43]} {[%emt 00:00:13]} Kd4 {[%clk
00:17:22]} {[%emt 00:00:13]} 46. Kg4 {[%clk 00:29:45]} {[%emt 00:00:27]} Ke3
{[%clk 00:17:25]} {[%emt 00:00:27]} 47. f4 {[%clk 00:30:05]} {[%emt 00:00:09]}
Kf2 {[%clk 00:17:39]} {[%emt 00:00:17]} 48. h4 {[%clk 00:30:19]} {[%emt
00:00:15]} g6 {[%clk 00:17:11]} {[%emt 00:01:00]} 49. Kh3 {[%clk 00:30:40]}
{[%emt 00:00:08]} Kf3 {[%clk 00:17:22]} {[%emt 00:00:19]} 0-1

[Event "DEM U12 2022"]
[Site "Willingen GER"]
[Date "2022.06.05"]
[Round "1"]
[White "Rempe, Lennik"]
[Black "Martin Fernandez, Rafael"]
[Result "0-1"]
[Termination "normal"]
[Board "28"]
[WhiteElo "1073"]
[BlackElo "1678"]
[PlyCount "72"]
[WhiteFideId "16248031"]
[BlackFideId "34605550"]
[EventCountry "GER"]
[EventRounds "9"]
[EventType "swiss"]
[EventDate "2022.06.04"]

{normal} 1. e4 c5 2. Nf3 a6 3. Nc3 b5 4. a3 Bb7 5. d4 cxd4 6. Nxd4 e6 7. g3 Nf6
8. Bg2 Bc5 9. Bg5 h6 10. Be3 Qc7 11. O-O O-O 12. f4 Nc6 13. b4 Bxd4 14. Bxd4
Nxd4 15. Qxd4 Rac8 16. e5 Bxg2 17. Kxg2 Qxc3 18. Qxc3 Rxc3 19. exf6 Rxc2+ 20.
Kg1 gxf6 21. Rad1 d5 22. f5 Kg7 23. fxe6 fxe6 24. Rfe1 Kf7 25. g4 Rfc8 26. h4
R8c4 27. g5 hxg5 28. hxg5 Rg4+ 29. Kh1 Rxg5 30. Re3 Rgg2 31. Rde1 e5 32. Rh3
Ke6 33. Rh7 Rg3 34. a4 bxa4 35. Ra7 Rc6 36. Ra1 a3 0-1

[Event "DEM U12 2022"]
[Site "Willingen GER"]
[Date "2022.06.05"]
[Round "1"]
[White "Mandalka, Justus"]
[Black "Schönherr, Stijn"]
[Result "1-0"]
[Termination "normal"]
[Board "29"]
[WhiteElo "1402"]
[BlackElo "1254"]
[PlyCount "65"]
[WhiteFideId "16298144"]
[BlackFideId "34611622"]
[EventCountry "GER"]
[EventRounds "9"]
[EventType "swiss"]
[EventDate "2022.06.04"]

1. e4 e6 2. d4 d5 3. Bd3 c5 4. c3 c4 5. Bc2 Bd7 6. exd5 exd5 7. Nf3 Bd6 8. O-O
Nf6 9. Re1+ Be7 10. Qe2 Nc6 11. Ne5 Nxe5 12. Qxe5 Be6 13. f4 g6 14. f5 gxf5 15.
Bxf5 Bxf5 16. Qxf6 Rg8 17. Qxf5 Kf8 18. Bh6+ Ke8 19. Bg5 f6 20. Bxf6 Rf8 21.
Qh5+ Kd7 22. Bxe7 Qe8 23. Qxd5+ Kc7 24. Bd6+ Kb6 25. Rxe8 Raxe8 26. Qc5+ Ka6
27. Na3 Rf5 28. Qxf5 b6 29. Qb5+ Kb7 30. Qd7+ Ka6 31. Nb5 Rg8 32. a4 Rg5 33.
Qxa7# 1-0